00813 2200205 4500001002100000005001500021035002000036008004100056245005400097100001500151250000600166260003500172300001200207084001400219082000800233650001000241520033200251990001200583990001200595INLIS00000000000126320240521020403 a0010-0524000498240521 1 ind 1 aDilan; Dia Adalah Dilanku Tahun 1990 /cPidi Baiq aBaiq, Pidi a1 aBandung :bPastel Books,c2016 a348 hlm a813 PID d a813 4aFiksi aMilea, kamu cantik, tapi aku belum mencintaimu. Enggak tahu kalau sore.Tunggu aja. (Dilan 1990) Milea, jangan pernah bilang ke aku ada yang menyakitimu, nanti, besoknya, orang itu akan hilang. (Dilan 1990) Cinta sejati adalah kenyamanan, kepercayaan, dan dukungan. Kalau kamu tidak setuju, aku tidak peduli. (Milea 1990) a0744134 a0744135